| 000 | 00764nam0a22002411 4500 | ||
|---|---|---|---|
| 001 | v19\rc\1255687 | ||
| 005 | 20250618000340.0 | ||
| 035 | _a(NLR Aleph) 004411090 | ||
| 090 |
_a4007165 _c4007165 |
||
| 100 | _a20060306d1891 |||y0rusy50 ca | ||
| 101 | 0 | _arus | |
| 102 | _aRU | ||
| 105 | _aa z ||||| | ||
| 200 | 1 |
_aПутешествие в область невозможного _f[Соч.] (М. Баше) |
|
| 210 |
_aСанкт-Петербург _cтипо-хромо-лит. т-ва А. Траншель _dценз. 1891 |
||
| 215 |
_a4 с., 1 л. ил. _d24 |
||
| 309 | _aБез тит. л. и обл. | ||
| 700 | 1 |
_aБаше _bМ. |
|
| 801 | 0 |
_aRU _bNLR _gpsbo |
|
| 801 | 1 |
_aRU _bProSoft-M _2rusmarc |
|
| 852 |
_aNLR _j18.295.4.490 |
||
| 942 | _cBOOK | ||
| 980 | _aNB | ||